Reakcie trhu na odhady analytikov

Reakcie finančného trhu na odhady analytikov. Analýza rôznych súborov štatistických údajov pre obdobie od prvého štvrťroku 2017 do prvého štvrťroku roku 2021. Predpoklady zmeny v cenách akcií po zverejnení výsledkov. Analýza kvartálnych výsledkov a zmeny cien.

Salvato in:
Dettagli Bibliografici
Autore principale: Kmeťko, Miroslav, 1969-
Natura: Capitolo di libro
Lingua:slovacco
Soggetti:
Tags: Aggiungi Tag
Nessun Tag, puoi essere il primo ad aggiungerne!!

MARC

LEADER 00000naa a2200000 4500
001 0280769
005 20240502083857.7
041 0 |a slo 
044 |a CZ 
245 1 0 |a Reakcie trhu na odhady analytikov  |c Miroslav Kmeťko 
520 |a Reakcie finančného trhu na odhady analytikov. Analýza rôznych súborov štatistických údajov pre obdobie od prvého štvrťroku 2017 do prvého štvrťroku roku 2021. Predpoklady zmeny v cenách akcií po zverejnení výsledkov. Analýza kvartálnych výsledkov a zmeny cien. 
610 2 0 |a trh finančný 
610 2 0 |a zisk 
610 2 0 |a analýza dát 
610 2 0 |a údaje štatistické 
610 2 0 |a akcie 
100 1 |a Kmeťko, Miroslav, 1969-